[Event "Hessen 1-Nordrhein-Westfalen"]
[Site "Dresden"]
[Date "2008.11.15"]
[Round "3.1"]
[White "Savchenko, Aleksij"]
[Black "Geske, Julian"]
[Result "1-0"]
[WhiteElo "2192"]
[BlackElo "2179"]
[PlyCount "83"]
[EventDate "2008.??.??"]
[WhiteTeam "Nordrhein-Westfalen"]
[BlackTeam "Hessen 1"]

1. d4 Nf6 2. Nf3 g6 3. e3 Bg7 4. Be2 O-O 5. O-O c5 6. b3 d6 7. Bb2 e6 8. Nbd2
Qe7 9. dxc5 dxc5 10. e4 Nc6 11. Bb5 Bd7 12. Qe2 Rfd8 13. Bxc6 Bxc6 14. e5 Nd5
15. g3 b6 16. Ne4 Nc7 17. Nf6+ Kh8 18. Ng5 h6 19. Nge4 Ne8 20. h4 Qb7 21. Rae1
Bxf6 22. Nxf6 Nxf6 23. exf6 Rd5 24. Rd1 Rh5 25. Rd6 Bf3 26. Qd3 Bd5 27. Qe3 g5
28. Rd1 gxh4 29. R1xd5 exd5 30. Qe7 Qb8 31. Qxf7 Rg5 32. Qe6 d4 33. f7 Qf8 34.
Qf6+ Kh7 35. Bc1 Qg7 36. Bxg5 hxg5 37. Qf5+ Kh8 38. Rg6 Qf8 39. Rg8+ Qxg8 40.
fxg8=Q+ Rxg8 41. gxh4 gxh4+ 42. Kh2 1-0

[Event "Hessen 1-Nordrhein-Westfalen"]
[Site "Dresden"]
[Date "2008.11.15"]
[Round "3.2"]
[White "Sergin, Mark"]
[Black "Kotainy, Jens"]
[Result "1/2-1/2"]
[WhiteElo "2168"]
[BlackElo "2207"]
[PlyCount "123"]
[EventDate "2008.??.??"]
[WhiteTeam "Hessen 1"]
[BlackTeam "Nordrhein-Westfalen"]

1. e4 c5 2. Nf3 Nf6 3. Nc3 d5 4. exd5 Nxd5 5. Bb5+ Bd7 6. Ne5 Bxb5 7. Qf3 f6 8.
Nxb5 Na6 9. Qh5+ g6 10. Nxg6 hxg6 11. Qxh8 Nab4 12. Na3 Qd7 13. O-O O-O-O 14.
d3 Qf5 15. Qh4 e5 16. Qe4 Qh5 17. h3 Nc6 18. Qg4+ Qxg4 19. hxg4 Bd6 20. g3 a6
21. Nc4 Bc7 22. c3 b5 23. Nd2 f5 24. gxf5 gxf5 25. Nb3 Bb6 26. Bh6 Rh8 27. Bd2
c4 28. dxc4 bxc4 29. Nc1 e4 30. Kg2 Ne5 31. Rh1 Rxh1 32. Kxh1 Bxf2 33. Ne2 e3
34. Be1 Nd3 35. Bxf2 exf2 36. g4 Ne1 37. Ng3 f4 38. Nf1 Ne3 39. Nd2 Nxg4 40.
Nf1 Nf6 41. Kh2 Ne4 42. Kh3 Ng3 43. Nd2 Nc2 44. Kg2 Nxa1 45. Kxf2 Nc2 46. Nxc4
Kc7 47. Kf3 Nh5 48. Kg4 Ne3+ 49. Nxe3 fxe3 50. Kf3 Kc6 51. Kxe3 Kc5 52. b3 Nf6
53. Kd3 Ng4 54. a3 Nf2+ 55. Ke2 Ne4 56. Kd3 Nf2+ 57. Ke2 Ng4 58. Kd3 Ne5+ 59.
Ke4 Nc6 60. Kd3 Ne5+ 61. Ke4 Nd7 62. Kd3 1/2-1/2

[Event "Hessen 1-Nordrhein-Westfalen"]
[Site "Dresden"]
[Date "2008.11.15"]
[Round "3.3"]
[White "Tkachuk, Konstantyn"]
[Black "Rafiee, Makan"]
[Result "1-0"]
[WhiteElo "2137"]
[BlackElo "2111"]
[PlyCount "81"]
[EventDate "2008.??.??"]
[WhiteTeam "Nordrhein-Westfalen"]
[BlackTeam "Hessen 1"]

1. e4 c5 2. Nf3 d6 3. d4 cxd4 4. Nxd4 Nf6 5. Nc3 a6 6. Bg5 e6 7. f4 Qb6 8. Nb3
Be7 9. Qf3 Nbd7 10. O-O-O Qc7 11. Bd3 b5 12. a3 Rb8 13. g4 b4 14. axb4 Rxb4 15.
Kb1 Nc5 16. Na2 Rb8 17. Nxc5 Qxc5 18. f5 Qb6 19. Bc1 Nd7 20. h4 Ne5 21. Qe2 h5
22. g5 g6 23. fxg6 fxg6 24. Rhf1 Bf8 25. b3 Bg7 26. Bb2 a5 27. Rf4 Rg8 28. Rdf1
Nxd3 29. Qxd3 Ba6 30. Qh3 d5 31. Rd1 d4 32. e5 d3 33. c4 Bxe5 34. Qxd3 Bxf4 35.
Qd7+ Kf8 36. Ba3+ Qb4 37. Nxb4 axb4 38. Rf1 e5 39. Bb2 Bc8 40. Qd6+ Kg7 41.
Bxe5+ 1-0

[Event "Hessen 1-Nordrhein-Westfalen"]
[Site "Dresden"]
[Date "2008.11.15"]
[Round "3.4"]
[White "Göbel, Constantin"]
[Black "Krug, Kevin"]
[Result "0-1"]
[WhiteElo "1896"]
[BlackElo "2195"]
[PlyCount "70"]
[EventDate "2008.??.??"]
[WhiteTeam "Hessen 1"]
[BlackTeam "Nordrhein-Westfalen"]

1. e4 c6 2. d4 d5 3. Nc3 dxe4 4. Nxe4 Nd7 5. Ng5 Ngf6 6. Bd3 e6 7. N1f3 Bd6 8.
Qe2 h6 9. Ne4 Nxe4 10. Qxe4 Nf6 11. Qe2 Qc7 12. Bd2 b6 13. Ne5 Bb7 14. f4 c5
15. O-O-O cxd4 16. Bb5+ Ke7 17. Be1 Rhd8 18. Bh4 g5 19. fxg5 hxg5 20. Bg3 Ne4
21. Ng4 Bxg3 22. hxg3 Nxg3 23. Qd2 Qf4 24. Qxf4 gxf4 25. Rh7 Be4 26. Rh2 Rac8
27. Bd3 Bxd3 28. Rxd3 Rc5 29. Rh7 e5 30. Nh6 Rf8 31. Ra3 Rc7 32. Ng4 Ke6 33.
Rf3 Nf5 34. Rh5 Rg8 35. Rxf5 Rxg4 0-1

[Event "Hessen 1-Nordrhein-Westfalen"]
[Site "Dresden"]
[Date "2008.11.15"]
[Round "3.7"]
[White "Strößner, Lena"]
[Black "Breitwieser, Jasmin"]
[Result "1/2-1/2"]
[WhiteElo "1894"]
[BlackElo "1741"]
[PlyCount "178"]
[EventDate "2008.??.??"]
[WhiteTeam "Nordrhein-Westfalen"]
[BlackTeam "Hessen 1"]

1. Nf3 c5 2. c4 Nf6 3. Nc3 Nc6 4. g3 g6 5. Bg2 Bg7 6. O-O O-O 7. d3 a6 8. Bg5
Rb8 9. a4 d6 10. Qd2 Bd7 11. Bh6 Qc7 12. Bxg7 Kxg7 13. Na2 b5 14. cxb5 axb5 15.
b3 Rb7 16. Nc3 bxa4 17. bxa4 Na5 18. Rab1 Rxb1 19. Rxb1 Nc6 20. Qb2 Rb8 21. Qa1
Rxb1+ 22. Qxb1 Nb4 23. Nd2 Bc6 24. Bxc6 Qxc6 25. Nc4 Nd7 26. Qb2 Kg8 27. Nb5
Qa6 28. Qb3 d5 29. Nd2 Nb6 30. Nc3 d4 31. Nce4 Qxa4 32. Nxc5 Qxb3 33. Ndxb3 e5
34. e3 dxe3 35. fxe3 N6d5 36. Kf2 Nc2 37. e4 Ne7 38. Nd7 Nc6 39. Nd2 Kg7 40.
Nf3 f6 41. Nc5 N2d4 42. Nxd4 Nxd4 43. Ke3 Kf7 44. Na4 Nc2+ 45. Kd2 Nd4 46. Ke3
Ke6 47. Nc3 f5 48. exf5+ gxf5 49. h3 Nc2+ 50. Kf3 Nb4 51. Ke2 h5 52. Kd2 Kd6
53. Nd1 Nd5 54. Nb2 Ne7 55. Nc4+ Kd5 56. Ne3+ Kd4 57. Nc2+ Kd5 58. Ne3+ Ke6 59.
Nc4 Nd5 60. Ke2 Kf6 61. Kf3 Nb4 62. Ke3 Nc2+ 63. Kd2 Nd4 64. Ke3 Nc6 65. Nd2
Kg5 66. Nf3+ Kg6 67. Nd2 Nb4 68. Nf3 Kf6 69. Nd2 Nc2+ 70. Ke2 Nd4+ 71. Ke3 Kg5
72. Nc4 Nc6 73. Nd2 Nb4 74. Nf3+ Kf6 75. Ke2 Nd5 76. Nd2 f4 77. Kf3 Nb4 78. Ke2
fxg3 79. Ne4+ Kf5 80. Nxg3+ Kg5 81. Ne4+ Kf4 82. Nf2 Nd5 83. Ne4 Ne7 84. Kf2
Nf5 85. Nf6 Kg5 86. Ne4+ Kh4 87. Kg2 Ne3+ 88. Kh2 Nd1 89. Kg2 Nb2 1/2-1/2

[Event "Baden-Württemberg 1"]
[Site "Dresden"]
[Date "2008.11.15"]
[Round "3.2"]
[White "Lutz, Bernhard"]
[Black "Strunski, Andreas"]
[Result "1/2-1/2"]
[WhiteElo "2173"]
[BlackElo "2253"]
[PlyCount "132"]
[EventDate "2008.??.??"]
[WhiteTeam "Baden"]
[BlackTeam "Württemberg 1"]

1. d4 d5 2. Nf3 Nf6 3. c4 c6 4. Nc3 dxc4 5. a4 e6 6. e3 c5 7. Bxc4 Nc6 8. O-O
cxd4 9. exd4 Be7 10. Qe2 O-O 11. Rd1 Bd7 12. Ne5 Nb4 13. d5 exd5 14. Nxd5 Nbxd5
15. Bxd5 Nxd5 16. Rxd5 Bg4 17. Qc4 Qxd5 18. Qxd5 Rad8 19. Qb3 Rd1+ 20. Qxd1
Bxd1 21. Be3 Rd8 22. Bxa7 Bxa4 23. f3 Rd1+ 24. Rxd1 Bxd1 25. Bb6 Ba4 26. Nc4
Bb3 27. Nd2 Bd5 28. Ne4 f5 29. Nc3 Bc6 30. f4 h6 31. Kf2 Kf7 32. g3 g5 33. fxg5
hxg5 34. Ne2 Kf6 35. Ke3 Ke5 36. Bd4+ Kd5 37. Bc3 Bb5 38. Bg7 Bc6 39. h4 gxh4
40. gxh4 Bxh4 41. Kf4 Bd7 42. Nd4 Bf2 43. Nxf5 Bxf5 44. Kxf5 Bd4 45. Bf8 Bxb2
46. Kf4 Bc1+ 47. Kf3 Kc4 48. Ke2 Kb3 49. Kd1 Bb2 50. Bc5 b5 51. Be7 Ka2 52. Bb4
Ba3 53. Bd2 Kb1 54. Bc3 Bb2 55. Bb4 Be5 56. Bd2 Bd4 57. Bb4 Kb2 58. Be7 Ka2 59.
Bd6 Bb2 60. Bb4 Kb3 61. Be7 Ba3 62. Bh4 Bb4 63. Kc1 Ka2 64. Kc2 Ba5 65. Be7 Bc7
66. Bb4 Be5 1/2-1/2

[Event "Baden-Württemberg 1"]
[Site "Dresden"]
[Date "2008.11.15"]
[Round "3.3"]
[White "Pogan, Nikolas"]
[Black "Frey, Alisa"]
[Result "1/2-1/2"]
[WhiteElo "2073"]
[BlackElo "2026"]
[PlyCount "65"]
[EventDate "2008.??.??"]
[WhiteTeam "Württemberg 1"]
[BlackTeam "Baden"]

1. c4 Nf6 2. g3 e6 3. Bg2 d5 4. Nf3 c6 5. O-O Be7 6. d4 dxc4 7. Ne5 O-O 8. Nc3
Qc7 9. Nxc4 b5 10. Bf4 Qd8 11. Ne5 Nd5 12. Bd2 Ba6 13. Re1 f6 14. Nd3 Qb6 15.
Nxd5 cxd5 16. Be3 Nd7 17. b4 Bb7 18. Nc5 Nxc5 19. dxc5 Qc7 20. Qd3 Bc6 21. Bf4
Qb7 22. Bd2 Rfe8 23. e4 Rad8 24. exd5 Bxd5 25. Bxd5 Rxd5 26. Qc2 Red8 27. Bc3
Qd7 28. a4 a5 29. axb5 axb4 30. Bxb4 Qxb5 31. Rxe6 Bxc5 32. Bxc5 Qxc5 33. Qxc5
1/2-1/2

[Event "Baden-Württemberg 1"]
[Site "Dresden"]
[Date "2008.11.15"]
[Round "3.4"]
[White "Tiemann, Christoph"]
[Black "Erben, Larissa"]
[Result "1/2-1/2"]
[WhiteElo "2022"]
[BlackElo "1931"]
[PlyCount "93"]
[EventDate "2008.??.??"]
[WhiteTeam "Baden"]
[BlackTeam "Württemberg 1"]

1. Nf3 d5 2. c4 e6 3. g3 c6 4. b3 Nf6 5. Bg2 Nbd7 6. Bb2 Bd6 7. d4 O-O 8. O-O
Re8 9. Nbd2 e5 10. cxd5 Nxd5 11. Nc4 e4 12. Nxd6 exf3 13. Bxf3 Re6 14. Nxc8
Rxc8 15. e4 N5f6 16. Re1 Qe7 17. d5 cxd5 18. exd5 Rxe1+ 19. Qxe1 Qxe1+ 20. Rxe1
Rc2 21. Bxf6 Nxf6 22. Re7 Rxa2 23. Rxb7 g6 24. Rb8+ Kg7 25. Rd8 Rb2 26. Rb8 a5
27. Rb5 h5 28. h3 Ne8 29. Kg2 Nd6 30. Rxa5 Rxb3 31. Ra6 Nc4 32. d6 Ne5 33. Be4
Rb4 34. Bc2 Rd4 35. Ba4 Nd3 36. Bb5 Nc5 37. Rc6 Ne4 38. d7 Rxd7 39. Rxg6+ fxg6
40. Bxd7 Kf6 41. f4 g5 42. h4 gxf4 43. gxf4 Nc5 44. Bc8 Nd3 45. f5 Nf4+ 46. Kf3
Nd5 47. Ke4 1/2-1/2

[Event "Baden-Württemberg 1"]
[Site "Dresden"]
[Date "2008.11.15"]
[Round "3.6"]
[White "Kohm, Vanessa"]
[Black "Stitterich, Nadine"]
[Result "0-1"]
[WhiteElo "1762"]
[BlackElo "1867"]
[PlyCount "44"]
[EventDate "2008.??.??"]
[WhiteTeam "Baden"]
[BlackTeam "Württemberg 1"]

1. d4 Nf6 2. c4 g6 3. Nc3 Bg7 4. e4 d6 5. Bd3 O-O 6. Nge2 Nc6 7. O-O e5 8. d5
Nd4 9. Be3 Ng4 10. Bd2 a6 11. Qc1 Nxe2+ 12. Nxe2 f5 13. exf5 Bxf5 14. Bxf5 gxf5
15. h3 Nf6 16. Bg5 Qe8 17. Re1 Qg6 18. Nc3 Rae8 19. f4 Nh5 20. fxe5 Bxe5 21.
Bh6 Bd4+ 22. Be3 Nf4 0-1

[Event "Baden-Württemberg 1"]
[Site "Dresden"]
[Date "2008.11.15"]
[Round "3.8"]
[White "Spiegelberg, Silvia"]
[Black "Weber, Sandra"]
[Result "1-0"]
[WhiteElo "1535"]
[BlackElo "1243"]
[PlyCount "42"]
[EventDate "2008.??.??"]
[WhiteTeam "Baden"]
[BlackTeam "Württemberg 1"]

1. e4 e5 2. Nf3 Nc6 3. d4 exd4 4. Bc4 Nf6 5. e5 Qe7 6. O-O Ne4 7. Re1 f5 8.
exf6 gxf6 9. Nxd4 d6 10. Nxc6 bxc6 11. f3 d5 12. Bb3 Qc5+ 13. Be3 Qb4 14. fxe4
dxe4 15. Qh5+ Kd8 16. Rd1+ Bd6 17. Bc5 Qa5 18. Nc3 Bd7 19. Nxe4 Be5 20. Qf7 Kc8
21. Qxd7+ Kb7 1-0

[Event "Rheinland-Pfalz-Berlin"]
[Site "Dresden"]
[Date "2008.11.15"]
[Round "3.1"]
[White "Figura, Atila Gajo"]
[Black "Armbrust, Florian"]
[Result "1/2-1/2"]
[WhiteElo "2341"]
[BlackElo "2319"]
[PlyCount "97"]
[EventDate "2008.??.??"]
[WhiteTeam "Berlin"]
[BlackTeam "Rheinland-Pfalz"]

1. d4 Nf6 2. c4 c5 3. d5 e5 4. Nc3 d6 5. e4 Be7 6. Nf3 O-O 7. h3 Nbd7 8. g4 g6
9. Bd3 Ne8 10. Bh6 Ng7 11. Qd2 Nf6 12. Rg1 Kh8 13. Be3 a6 14. a4 Ng8 15. h4 f5
16. gxf5 gxf5 17. Bh6 Bf6 18. exf5 Nxh6 19. Qxh6 Nxf5 20. Qh5 Qe8 21. Qxe8 Rxe8
22. Ne4 Be7 23. Rb1 a5 24. Neg5 Rf8 25. Ke2 Bd7 26. b3 Rae8 27. h5 Bxg5 28.
Nxg5 Nd4+ 29. Ke3 h6 30. Ne4 Rf3+ 31. Kd2 Bf5 32. Rg3 Bxe4 33. Bxe4 Rxg3 34.
fxg3 Kg7 35. Ke3 Re7 36. Bg6 Rd7 37. Rb2 Rd8 38. Rb1 Rf8 39. Be4 Nf5+ 40. Kd3
Nd4 41. Ke3 Kf6 42. Rf1+ Ke7 43. Rg1 Rf7 44. Rh1 Kf6 45. Rf1+ Kg7 46. Rg1 Kf6
47. Rf1+ Kg7 48. Rg1 Kf6 49. Rf1+ 1/2-1/2

[Event "Rheinland-Pfalz-Berlin"]
[Site "Dresden"]
[Date "2008.11.15"]
[Round "3.2"]
[White "Dann, Matthias"]
[Black "Glantz, Robert"]
[Result "1-0"]
[WhiteElo "2233"]
[BlackElo "2183"]
[PlyCount "81"]
[EventDate "2008.??.??"]
[WhiteTeam "Rheinland-Pfalz"]
[BlackTeam "Berlin"]

1. e4 c5 2. Nf3 d6 3. d4 cxd4 4. Nxd4 Nf6 5. Nc3 a6 6. Be3 e5 7. Nb3 Be7 8. f3
Be6 9. Qd2 O-O 10. O-O-O Nbd7 11. g4 b5 12. g5 b4 13. Ne2 Ne8 14. f4 a5 15. f5
a4 16. fxe6 axb3 17. cxb3 fxe6 18. Kb1 Qa5 19. Nc1 Nc7 20. g6 hxg6 21. Rg1 Nf6
22. Rxg6 Rf7 23. Bd3 Nh5 24. Bc4 Rf6 25. Qg2 Raf8 26. Rg5 Rf3 27. Rxh5 Rxe3 28.
Qg6 Rf6 29. Qh7+ Kf7 30. Rg1 Bf8 31. Rf5 Ne8 32. Qh5+ Ke7 33. Bxe6 Rxe6 34.
Qf7+ Kd8 35. Qxe6 Be7 36. Rf7 Qc7 37. Rg2 Qd7 38. Qd5 Nc7 39. Qd2 Rxe4 40.
Rgxg7 Rd4 41. Qc2 1-0

[Event "Rheinland-Pfalz-Berlin"]
[Site "Dresden"]
[Date "2008.11.15"]
[Round "3.3"]
[White "Kachibadze, Georg"]
[Black "Grünter, Martin"]
[Result "1-0"]
[WhiteElo "2079"]
[BlackElo "2018"]
[PlyCount "99"]
[EventDate "2008.??.??"]
[WhiteTeam "Berlin"]
[BlackTeam "Rheinland-Pfalz"]

1. e4 c5 2. Nf3 d6 3. Bc4 e6 4. O-O Nf6 5. Re1 Be7 6. d3 O-O 7. Bb3 b5 8. c3
Bb7 9. Nbd2 Nc6 10. Nf1 Qc7 11. Bc2 Rfd8 12. a3 a5 13. Ng3 b4 14. h3 Rac8 15.
Bf4 Ne5 16. Rc1 bxa3 17. bxa3 Ng6 18. Qd2 Ba8 19. h4 Rb8 20. Rb1 Rxb1 21. Rxb1
Rb8 22. Bg5 h6 23. Be3 Ng4 24. h5 Nf8 25. Bf4 Rxb1+ 26. Bxb1 Qb6 27. Ba2 Nf6
28. Qc2 Qb7 29. a4 d5 30. e5 N6d7 31. Nh2 d4 32. Ne4 f5 33. exf6 Nxf6 34. f3
Nxh5 35. Be5 Nf6 36. cxd4 Nxe4 37. fxe4 Qb4 38. Nf3 Bc6 39. Bb3 Bd7 40. dxc5
Qxc5+ 41. Qxc5 Bxc5+ 42. Kf1 Ng6 43. Bc3 Bb4 44. Bxb4 axb4 45. Nd4 Nf4 46. a5
Bc8 47. Nc6 Bb7 48. Nxb4 Kf7 49. a6 Ba8 50. Ba4 1-0

[Event "Rheinland-Pfalz-Berlin"]
[Site "Dresden"]
[Date "2008.11.15"]
[Round "3.4"]
[White "Remy, Janina"]
[Black "Kropman, Alexei"]
[Result "0-1"]
[WhiteElo "1988"]
[BlackElo "1895"]
[PlyCount "78"]
[EventDate "2008.??.??"]
[WhiteTeam "Rheinland-Pfalz"]
[BlackTeam "Berlin"]

1. e4 e6 2. d4 d5 3. Nc3 Bb4 4. e5 c5 5. Bd2 Ne7 6. Nb5 Bxd2+ 7. Qxd2 O-O 8.
dxc5 Nbc6 9. Nf3 Ng6 10. Qc3 Bd7 11. Bd3 b6 12. cxb6 axb6 13. O-O Rc8 14. Qe1
f6 15. exf6 Qxf6 16. Nc3 Nf4 17. Bb5 Nxg2 18. Qd1 Nf4 19. Kh1 Nh3 20. Be2 Be8
21. Rb1 Bh5 22. Ng1 Bxe2 23. Qxe2 Nd4 24. Qe3 Nxf2+ 25. Kg2 Ng4 26. Qg3 Qg6 27.
Kh1 Nf5 28. Qd3 Nge3 29. Rf2 Ng3+ 30. hxg3 Rxf2 31. Qxg6 hxg6 32. Nge2 Kf7 33.
Nf4 e5 34. Kg1 Rxc2 35. Nfe2 d4 36. Ne4 Rh8 37. Rc1 Rxe2 38. Rc7+ Ke6 39. Ng5+
Kf5 0-1

[Event "Rheinland-Pfalz-Berlin"]
[Site "Dresden"]
[Date "2008.11.15"]
[Round "3.6"]
[White "Grzeca, Pascal"]
[Black "Nekrasova, Kateryna"]
[Result "1-0"]
[WhiteElo "1869"]
[BlackElo "1721"]
[PlyCount "57"]
[EventDate "2008.??.??"]
[WhiteTeam "Rheinland-Pfalz"]
[BlackTeam "Berlin"]

1. e4 c6 2. d4 d5 3. exd5 cxd5 4. c4 Nf6 5. Nc3 e6 6. Bg5 dxc4 7. Nf3 Be7 8.
Bxc4 a6 9. a4 Nc6 10. O-O O-O 11. Re1 Qb6 12. Ne4 Nxe4 13. Rxe4 Qxb2 14. Rb1
Qa3 15. Rh4 Rd8 16. Bd3 g6 17. Rb3 Qd6 18. Qd2 Bxg5 19. Nxg5 h5 20. Nxf7 Kxf7
21. Qh6 e5 22. Bc4+ Be6 23. Rf3+ Ke8 24. Qxg6+ Kd7 25. Rf6 Nxd4 26. Rxh5 Rac8
27. Bxe6+ Nxe6 28. Rh7+ Kc6 29. Rxe6 1-0

[Event "Rheinland-Pfalz-Berlin"]
[Site "Dresden"]
[Date "2008.11.15"]
[Round "3.7"]
[White "Kostré, Margarita"]
[Black "Stahnecker, Ludwig"]
[Result "0-1"]
[WhiteElo "1631"]
[BlackElo "1783"]
[PlyCount "100"]
[EventDate "2008.??.??"]
[WhiteTeam "Berlin"]
[BlackTeam "Rheinland-Pfalz"]

1. e4 c5 2. Nf3 e6 3. c4 a6 4. d4 cxd4 5. Nxd4 Nf6 6. Nc3 Bb4 7. Bd3 Nc6 8.
Nxc6 dxc6 9. O-O e5 10. h3 h5 11. Bg5 Bc5 12. Be2 Be6 13. Kh1 Qc8 14. Qd3 Bd4
15. Rac1 Qc7 16. Nd5 Bxd5 17. cxd5 Qb6 18. dxc6 bxc6 19. Bxf6 gxf6 20. Qc4 c5
21. b4 Qxb4 22. Qxb4 cxb4 23. Rc6 a5 24. Rxf6 Ke7 25. Rf5 h4 26. f4 f6 27. fxe5
Bxe5 28. Bc4 a4 29. R5f3 b3 30. R3f2 bxa2 31. Rxa2 a3 32. Rf3 Rhc8 33. Bf1 Bb2
34. Kg1 Rc2 35. Rf2 Rac8 36. Bd3 R2c3 37. Bf1 Rc1 38. Rd2 Re1 39. Kf2 Rxe4 40.
Bd3 Re5 41. Kf3 Rg8 42. Bc4 Rg3+ 43. Kf2 Rf5+ 44. Kg1 Rc3 45. Be2 Rc1+ 46. Bd1
Ke6 47. Kh2 Rf1 48. Bb3+ Ke5 49. g4 Rh1+ 50. Kg2 Rcg1+ 0-1

[Event "Rheinland-Pfalz-Berlin"]
[Site "Dresden"]
[Date "2008.11.15"]
[Round "3.8"]
[White "Röhlich, Anna"]
[Black "Lagunov, Elina"]
[Result "0-1"]
[WhiteElo "987"]
[BlackElo "1344"]
[PlyCount "66"]
[EventDate "2008.??.??"]
[WhiteTeam "Rheinland-Pfalz"]
[BlackTeam "Berlin"]

1. e4 e5 2. Nf3 Nc6 3. Bc4 Nf6 4. d3 Bc5 5. c3 O-O 6. O-O d6 7. Re1 Na5 8. Bb3
Nxb3 9. Qxb3 a5 10. d4 exd4 11. cxd4 Bb6 12. Nc3 Be6 13. Qc2 Qd7 14. Ng5 Bg4
15. h3 Bh5 16. Qd3 Rae8 17. Re3 h6 18. Nf3 Bg6 19. Bd2 Nh5 20. Re2 d5 21. Ne5
dxe4 22. Qxe4 Qxd4 23. Qxd4 Bxd4 24. Nxg6 fxg6 25. Rxe8 Bxf2+ 26. Kh2 Rxe8 27.
Rc1 b6 28. Nd5 Bg3+ 29. Kg1 Re2 30. Bc3 Bf2+ 31. Kh2 Kh7 32. a3 c6 33. g4 Be3+
0-1

[Event "Niedersachsen-Sachsen Anhalt"]
[Site "Dresden"]
[Date "2008.11.15"]
[Round "3.2"]
[White "Holloway, Timo"]
[Black "Hofmann, Annett"]
[Result "1-0"]
[WhiteElo "2184"]
[BlackElo "1960"]
[PlyCount "43"]
[EventDate "2008.??.??"]
[WhiteTeam "Niedersachsen"]
[BlackTeam "Sachsen Anhalt"]

1. e4 c5 2. Nc3 e6 3. Nf3 d6 4. Be2 Nf6 5. O-O Be7 6. d4 cxd4 7. Nxd4 a6 8. f4
O-O 9. Kh1 Qc7 10. Bf3 Nc6 11. Nb3 b5 12. Be3 Bb7 13. Qe2 Rac8 14. Bg1 Qb8 15.
Rfd1 Qa8 16. e5 Ne8 17. exd6 Nxd6 18. Nc5 Rfd8 19. Nxb7 Qxb7 20. Ne4 Nf5 21.
Nc5 Qc7 22. Nxe6 1-0

[Event "Niedersachsen-Sachsen Anhalt"]
[Site "Dresden"]
[Date "2008.11.15"]
[Round "3.3"]
[White "Rafayevych, Vilen"]
[Black "Schulz, Jens"]
[Result "1/2-1/2"]
[WhiteElo "1936"]
[BlackElo "2017"]
[PlyCount "118"]
[EventDate "2008.??.??"]
[WhiteTeam "Sachsen Anhalt"]
[BlackTeam "Niedersachsen"]

1. d4 Nf6 2. c4 e6 3. Nf3 Bb4+ 4. Bd2 Qe7 5. a3 Bxd2+ 6. Qxd2 c5 7. d5 exd5 8.
cxd5 d6 9. Nc3 a6 10. a4 O-O 11. e3 Bf5 12. Bc4 h6 13. O-O Nbd7 14. Rfe1 Ne4
15. Nxe4 Bxe4 16. Rad1 Qf6 17. Qe2 Bxf3 18. gxf3 Ne5 19. Kg2 Qg5+ 20. Kh1 Qh4
21. b3 Qh3 22. Qf1 Qxf3+ 23. Qg2 Qxg2+ 24. Kxg2 Rab8 25. a5 Nxc4 26. bxc4 b5
27. axb6 Rxb6 28. Ra1 Ra8 29. Ra5 Kf8 30. Kf3 Ke7 31. Re2 Kd7 32. Ke4 Rb4 33.
Rc2 Kc7 34. Kd3 Rb3+ 35. Kd2 Kb6 36. Rca2 Rb1 37. Kd3 f5 38. f3 Rd1+ 39. Ke2
Rh1 40. Kd3 Rxh2 41. Rxh2 Kxa5 42. Rb2 Ra7 43. Rb8 Rf7 44. Rg8 Kb6 45. Rb8+ Kc7
46. Ra8 Kb7 47. Rd8 Kc7 48. Ra8 Kd7 49. Rxa6 g5 50. Ke2 Ke7 51. Ra7+ Kf6 52.
Ra6 Rd7 53. Kf2 f4 54. exf4 gxf4 55. Ra8 Rf7 56. Rd8 Ke5 57. Re8+ Kd4 58. Re4+
Kd3 59. Kg2 Rf5 1/2-1/2

[Event "Niedersachsen-Sachsen Anhalt"]
[Site "Dresden"]
[Date "2008.11.15"]
[Round "3.4"]
[White "Schreiner, Till"]
[Black "Mertens, Pauline"]
[Result "1/2-1/2"]
[WhiteElo "2006"]
[BlackElo "1852"]
[PlyCount "61"]
[EventDate "2008.??.??"]
[WhiteTeam "Niedersachsen"]
[BlackTeam "Sachsen Anhalt"]

1. d4 d5 2. c4 c6 3. Nc3 Nf6 4. Nf3 dxc4 5. a4 Bf5 6. e3 e6 7. Bxc4 Bb4 8. O-O
O-O 9. Qe2 a5 10. e4 Bg4 11. e5 Nd5 12. Nxd5 cxd5 13. Bd3 Nc6 14. Be3 h6 15.
Rac1 Qb6 16. Rfd1 Rac8 17. Bb1 Be7 18. Qd2 Bb4 19. Qe2 Ne7 20. Bd2 Nf5 21. Bxb4
Qxb4 22. Bxf5 Bxf5 23. Qb5 Rc4 24. Rxc4 dxc4 25. Rc1 Qxb5 26. axb5 Bd3 27. Rc3
a4 28. Ne1 Be2 29. Rc2 Bd3 30. Rc3 Be2 31. Rc2 1/2-1/2

[Event "Niedersachsen-Sachsen Anhalt"]
[Site "Dresden"]
[Date "2008.11.15"]
[Round "3.5"]
[White "Müller, Alexander"]
[Black "Schulze, Dorothee"]
[Result "1-0"]
[WhiteElo "1895"]
[BlackElo "1868"]
[PlyCount "83"]
[EventDate "2008.??.??"]
[WhiteTeam "Sachsen Anhalt"]
[BlackTeam "Niedersachsen"]

1. e4 c5 2. Nf3 d6 3. d4 cxd4 4. Nxd4 Nf6 5. Nc3 g6 6. Be3 Bg7 7. Bc4 O-O 8.
Qd2 Nc6 9. f3 Bd7 10. O-O-O Rc8 11. Be2 Ne5 12. Kb1 Nc4 13. Bxc4 Rxc4 14. g4 b5
15. b3 Rc8 16. Ncxb5 Qb6 17. Nc3 Qb7 18. Nde2 Rfd8 19. Bd4 e5 20. Be3 Be6 21.
g5 Ne8 22. Nd5 Rc6 23. Qb4 Qd7 24. Qa4 Bxd5 25. Rxd5 Nc7 26. Rd3 a6 27. Rhd1
Ne6 28. Qb4 Qc7 29. Rc3 Bf8 30. Rxc6 Qxc6 31. Qc3 Qb5 32. Qd3 Qc6 33. Nc3 Be7
34. Nd5 Bf8 35. Qf1 h5 36. gxh6 Qb7 37. h4 Be7 38. Qh3 Kh7 39. h5 Ng5 40. Qg4
gxh5 41. Qxh5 Rg8 42. Rg1 1-0

[Event "Niedersachsen-Sachsen Anhalt"]
[Site "Dresden"]
[Date "2008.11.15"]
[Round "3.7"]
[White "Zimmermann, Christian"]
[Black "Dorn, Carina"]
[Result "0-1"]
[WhiteElo "1513"]
[BlackElo "1785"]
[PlyCount "128"]
[EventDate "2008.??.??"]
[WhiteTeam "Sachsen Anhalt"]
[BlackTeam "Niedersachsen"]

1. e4 c5 2. Nf3 Nc6 3. d4 cxd4 4. Nxd4 g6 5. Nc3 Bg7 6. Be3 Nf6 7. Be2 Qa5 8.
Nb3 Qd8 9. Qd2 O-O 10. O-O-O d6 11. f3 Be6 12. g4 Ne5 13. h4 h5 14. gxh5 Nxh5
15. Rdg1 Nc4 16. Bxc4 Bxc4 17. Bh6 Bxb3 18. Bxg7 Kxg7 19. cxb3 e6 20. Qd4+ Qf6
21. Qe3 Qf4 22. Qxf4 Nxf4 23. h5 Rac8 24. Kb1 a6 25. Rg3 Rh8 26. Rd1 Nxh5 27.
Rg2 Rc6 28. Rgd2 Rd8 29. b4 b5 30. e5 d5 31. Ne4 Rc4 32. Rd4 Rxd4 33. Rxd4 Rc8
34. Nc5 Rc6 35. a3 Ng3 36. Kc2 Nf5 37. Rd3 Ne7 38. f4 Nf5 39. Kd2 Nh4 40. Ke2
Ng2 41. Rd4 Nh4 42. Rd3 Nf5 43. Kf3 a5 44. Rc3 axb4 45. axb4 Ne7 46. Ra3 Rb6
47. Ke3 Nc6 48. Nd3 Rb7 49. Kd2 Ra7 50. Rc3 Nd4 51. Ke3 Nf5+ 52. Kd2 Rb7 53.
Ra3 Rb6 54. Nc5 Ne7 55. Kc3 Nc6 56. Ra8 g5 57. Nd7 Rb7 58. Nc5 Rb8 59. Ra6 Nd8
60. fxg5 Kg6 61. Ra1 Nc6 62. Nd3 Rc8 63. Kd2 Nd4 64. Rg1 Nf3+ 0-1

[Event "Bayern-Hamburg"]
[Site "Dresden"]
[Date "2008.11.15"]
[Round "3.1"]
[White "Müller, Jan-Hendrik"]
[Black "Berchtenbreiter, Maximilian"]
[Result "1/2-1/2"]
[WhiteElo "2098"]
[BlackElo "2137"]
[PlyCount "75"]
[EventDate "2008.??.??"]
[WhiteTeam "Hamburg"]
[BlackTeam "Bayern"]

1. e4 c5 2. Nf3 d6 3. d4 cxd4 4. Nxd4 Nf6 5. Nc3 a6 6. Bg5 Nbd7 7. f4 b5 8. Nd5
Bb7 9. Bxf6 Nxf6 10. Nxf6+ gxf6 11. Bd3 Qb6 12. Qd2 O-O-O 13. Qf2 e5 14. Ne2
Qxf2+ 15. Kxf2 d5 16. Nc3 Bc5+ 17. Ke1 Bb4 18. exd5 Bxd5 19. Kf1 Bxc3 20. bxc3
e4 21. Be2 Rhe8 22. a4 Bc6 23. axb5 axb5 24. Bg4+ Kb7 25. Ke2 Rd5 26. Ke3 Rg8
27. Be2 Rc5 28. c4 Rxg2 29. cxb5 Bxb5 30. Bxb5 Rxb5 31. Rhb1 f5 32. Kd4 Rxb1
33. Rxb1+ Kc6 34. Ke5 Rxh2 35. Kxf5 h5 36. Ra1 Rd2 37. Rh1 Kd7 38. Kf6 1/2-1/2

[Event "Bayern-Hamburg"]
[Site "Dresden"]
[Date "2008.11.15"]
[Round "3.2"]
[White "Billing, Christian"]
[Black "Borgmeyer, Max"]
[Result "1-0"]
[WhiteElo "2191"]
[BlackElo "2067"]
[PlyCount "71"]
[EventDate "2008.??.??"]
[WhiteTeam "Bayern"]
[BlackTeam "Hamburg"]

1. e4 c5 2. Nf3 d6 3. Nc3 Nf6 4. Bb5+ Bd7 5. Bxd7+ Nbxd7 6. Qe2 g6 7. e5 dxe5
8. Nxe5 Bg7 9. O-O O-O 10. d3 e6 11. Nxd7 Qxd7 12. Bd2 Rac8 13. Rfe1 b5 14. Ne4
Nxe4 15. dxe4 Bxb2 16. Rab1 Bg7 17. Rxb5 a6 18. Rb6 Qa4 19. Bf4 a5 20. Bd6 Rfd8
21. c4 Bf8 22. Bxf8 Kxf8 23. h4 Rd4 24. Qf3 Qxc4 25. Rb7 e5 26. Qf6 Kg8 27. Re7
Qxa2 28. h5 gxh5 29. Rxe5 Rcd8 30. Qh6 R4d6 31. Qg5+ Kh8 32. Rxc5 Qd2 33. Re3
Qd1+ 34. Kh2 Qg4 35. Rxa5 Rd2 36. Qf6+ 1-0